Football par lettre - A - Statistiques

Statistiques générales
  • Ce quiz a été pris 223 fois
  • Le résultat moyen est 14 sur 20
Statistiques - réponses
Questions Réponses % Correct
Quel club londonien évolue à l'Emirates Stadium, et a des joueurs surnommés les Gunners ? Arsenal
100%
Quel pays a remporté la Coupe du Monde lors des éditions de 1978, 1986 et 2022 ? Argentine
97%
Quel mythique club français au maillot vert a connu son heure de gloire dans les années 1970 ? AS Saint-Etienne
95%
Quel est cet attaquant Gabonais passé par Dortmund ou encore l'OM ? Pierre-Emerick Aubameyang
95%
Quel pays a pour surnom la nationale Mannschaft ? Allemagne
94%
Quel assureur est associé aux stades du Bayern Munich ou encore de l'OGC Nice ? Allianz
91%
Dans quel pays la Coupe du Monde 2010 a-t-elle été organisée ? Afrique du Sud
86%
Plus grand joueur de l'histoire de sa nation, quel pays Henrikh Mkhitryan représentait-il ? Arménie
85%
Quel pays a remporté la CAN lors de l'édition 2019 ? Algérie
84%
Quel club anglais le Paris Saint-Germain a-t-il éliminé lors des quarts de finale de la Ligue des Champions 2024/2025 ? Aston Villa
78%
Quelle fratrie d'attaquants ghanéens a pour père l'ancien joueur de l'OM, Abédi Pelé ? Ayew
70%
Quel milieu de terrain marocain a brillé lors de la Coupe du Monde 2022, lui permettant de signer à Manchester United ? Sofyan Amrabat
68%
Quel attaquant français a terminé meilleur buteur de Premier League lors de la saison 2008/2009 ? Nicolas Anelka
61%
Quel milieu de terrain, véritable métronome de Liverpool dans les années 2000, a remporté le triplé avec l'Espagne (2008, 2010, 2012) ? Xabi Alonso
60%
Quel virevoltant ailier russe a notamment évolué à Arsenal à la fin des années 2000 ? Andrei Arshavin
57%
Quel défenseur de Chelsea et de l'OM a remporté la Ligue des Champions en 2021 ? César Azpilicueta
56%
Dans quel club écossais Sir Alex Ferguson a-t-il brillé en remportant la coupe d'Europe en 1983 ? Aberdeen
49%
Quel attaquant basque a fait le bonheur des fans de l'Athletic Bilbao durant les années 2010 ? Aritz Aduriz
44%
Quel attaquant suédois des années 1950 est le meilleur buteur de l'histoire de l'OM ? Gunnar Anderson
11%
Quel joueur italien a manqué son face à face avec Barthez lors de la séance de tirs aux buts des quarts de finale de la Coupe du Monde 1998 ? Demetrio Albertini
10%
Aucun quiz correspondant
Distribution des résultats
% des personnes avec chaque résultat
Percentile par nombre de réponses
Votre historique - résultats
Vous n’avez pas pris ce quiz